¡Quiero aprender a escribir!... pero me falta una butaca pito y baman / (Registro nro. 7539)
[ vista simple ]
| 000 -LIDER | |
|---|---|
| fixed length control field | 01037nam a2200289 a 4500 |
| 001 - NÚMERO DE CONTROL | |
| Identificador de número de control | 000044270 |
| 003 - IDENTIFICACDOR DE NÚMERO DE CONTROL | |
| control field | DO-SdBNP |
| 005 - DATE AND TIME OF LATEST TRANSACTION | |
| control field | 20180327130012.0 |
| 007 - CAMPOS FIJOS DE DESCRIPCIÓN FÍSICA | |
| fixed length control field | 000044270 |
| 008 - ELEMENTOS DE LONGITUD FIJA | |
| fixed length control field | 140612s2011 dr a 000 0 spa d |
| 020 ## - ISBN | |
| International Standard Book Number | 9789945173420 |
| 040 ## - FUENTE DE CATALOGACIÓN | |
| Agencia que crea de manera original el registro | BPMSU |
| Idioma de catalogación | spa |
| Agencia que realiza la transcripción | BPMSU |
| 092 ## - LOCALLY ASSIGNED DEWEY DECIMAL CALL NUMBER | |
| Número de clasificación | xxxxxx |
| Número de ítem (Cutter) | xxxxxx |
| 100 1# - ASIENTO PRINCIPAL -- NOMBRE PERSONAL | |
| Nombre personal | Martínez, Gregorio, |
| Fechas asociadas con el nombre | 1984- |
| 245 10 - MENCIÓN DE TITULO | |
| Título | ¡Quiero aprender a escribir!... pero me falta una butaca pito y baman / |
| Mención de responsabilidad | Gregorio Martínez ; dirección editorial Luis Miguel Aguas Vanin ; ilustraciones Monserrat Ubach Figueras. |
| 260 ## - PUBLICACIÓN, DISTRIBUCIÓN, ETC. (PIE DE IMPRENTA) | |
| Lugar de publicación, distribución, etc | Santo Domingo : |
| Nombre del editor, distribuidor, etc. | SM, |
| Fecha de publicación, distribución, etc | 2011. |
| 300 ## - DESCRIPCIÓN FÍSICA | |
| Extensión | 156 p. : |
| Otros detalles físicos | il. ; |
| Dimensiones | 19 cm. |
| 490 1# - MENCIÓN DE SERIES | |
| Mención de serie | El barco de vapor |
| Volume/sequential designation | 10 |
| 500 ## - NOTA GENERAL | |
| Nota general | Incluye datos biográficos del autor en la contracubierta |
| 586 ## - AWARDS NOTE | |
| Awards note | El barco de vapor 2009 |
| 700 1# - ASIENTO SECUNDARIO -- NOMBRE PERSONAL | |
| Nombre personal | Aguas Vanin, Luis Miguel, |
| Mención de responsabilidad | ed. |
| 700 1# - ASIENTO SECUNDARIO -- NOMBRE PERSONAL | |
| Nombre personal | Ubach Figueras, Monserrat, |
| Mención de responsabilidad | ils. |
| 830 #0 - ASIENTO SECUNDARIO DE SERIE--TÍTULO UNIFORME | |
| Título uniforme | El barco de vapor |
| Número de la parte o sección de una obra | 10 |
| 942 ## - ADDED ENTRY ELEMENTS (KOHA) | |
| Source of classification or shelving scheme | Dewey Decimal Classification |
| Koha item type | Libros |
| 945 ## - INFORMACIÓN DE PROCESAMIENTO LOCAL | |
| Información de procesamiento local | Título remanejado para BNPHU / 2017 VM |
| 956 ## - LOCAL ELECTRONIC LOCATION AND ACCESS (OCLC) | |
| Nombre de host | VMATEO |
| Número de acceso | 10 |
| Información de compresión | 20150716 |
| Inicio de sesión | BPMSU |
| Procesador de solicitud | 00151 |
No hay ítems disponibles.